000 00281nam a22001337a 4500
008 170401b xxu||||| |||| 00| 0 eng d
020 _a203368
041 _aeng
080 _24TH
_a617
100 _a8
101 _aSHM
245 _aEARTH SCIENCE
_cTARBUCK
942 _2udc
_cBK
999 _c9394
_d9394